| 000 | 00973nam a2200373 a 4500 | ||
|---|---|---|---|
| 003 | AR-BaBNM | ||
| 005 | 20251128203718.0 | ||
| 008 | 082120s2002 ||||||||||||||000 | spa|| | ||
| 020 | _a950-23-0070-X | ||
| 040 | _cAR-BaBNM | ||
| 100 | 1 | _aLévi-Strauss, Claude | |
| 245 | 0 | 0 | _aAntropología estructural |
| 250 | _a9ª ed. | ||
| 260 |
_aBuenos Aires _bEudeba _c1984 |
||
| 300 |
_axlviii, 371 p. _bláms., gráfs., il. |
||
| 490 | 0 | _aManuales | |
| 500 | _aContiene referencias bibliográficas en p. 345 | ||
| 500 | _aIndice de temas y autores en p. 361 | ||
| 650 | 4 | _aANTROPOLOGIA CULTURAL Y SOCIAL | |
| 650 | 4 | _aCULTURA | |
| 650 | 4 | _aHISTORIA | |
| 650 | 4 | _aETNOLOGIA | |
| 650 | 4 | _aESTRUCTURALISMO | |
| 650 | 4 | _aLINGÜISTICA | |
| 650 | 4 | _aRELIGION | |
| 650 | 4 | _aMAGIA | |
| 650 | 4 | _aMITOLOGIA | |
| 650 | 4 | _aPARENTESCO | |
| 650 | 4 | _aESTRUCTURA SOCIAL | |
| 650 | 4 | _aARTE | |
| 700 | 1 |
_aVerón, Eliseo _etraductor |
|
| 942 | _cBK | ||
| 998 | _cMARTIN | ||
| 999 |
_c4596 _d4596 |
||